Tazkira (Record no. 414380)

000 -LEADER
fixed length control field 00351 a2200145 4500
003 - CONTROL NUMBER IDENTIFIER
control field NUST
005 - DATE AND TIME OF LATEST TRANSACTION
control field 20191016121512.0
038 ## - RECORD CONTENT LICENSOR
Staff Name MSOHAIL
082 ## - DEWEY DECIMAL CLASSIFICATION NUMBER
Classification number 0
100 ## - MAIN ENTRY--PERSONAL NAME
Personal name Maulana Inayatullah Khan Mashriqi
9 (RLIN) 24121
245 ## - TITLE STATEMENT
Title Tazkira
260 ## - PUBLICATION, DISTRIBUTION, ETC.
Place of publication, distribution, etc. Lahore
Name of publisher, distributor, etc. Al-Tazkira Publication
300 ## - PHYSICAL DESCRIPTION
Extent 575,P;
Dimensions 28cm
Accompanying material H.B.
942 ## - ADDED ENTRY ELEMENTS (KOHA)
Institution code [OBSOLETE] NUST-NIT SCEE
Koha item type Book
-- Book
Source of classification or shelving scheme
Holdings
Withdrawn status Lost status Source of classification or shelving scheme Damaged status Not for loan Permanent Location Current Location Date acquired Total Checkouts Barcode Date last seen Price effective from Koha item type
          School of Civil and Environmental Engineering (SCEE) School of Civil and Environmental Engineering (SCEE) 10/16/2019   NIT-11435 10/16/2019 10/16/2019 Book
© 2023 Central Library, National University of Sciences and Technology. All Rights Reserved.